| 000 | 01075cab a2200277 4500 | ||
|---|---|---|---|
| 001 | ABS53136 | ||
| 008 | 090401t1995 xxu||||| |||| 00| 0 eng d | ||
| 035 | _a(Sirsi) u2321 | ||
| 041 | _aeng | ||
| 100 | _aBrown, P. K. | ||
| 245 | _aRevaluation in a recession: rental evidence | ||
| 260 | _c1995 | ||
| 300 | _aLOAN | ||
| 350 | _a0 | ||
| 490 |
_aThe Impugner (RICS Rating Diploma Holders` Section) _vJune 1995, 1-37(38) |
||
| 520 | _aChanges in market conditions since the 1990 Revaluation have led to a decline in market activity and rental levels, resulting in the reduction and loss of quality in evidence used as a basis for revaluation. Paper given as part of a conference organised by The Rating Diploma Holder`s Section of the RICS in conjunction with The University of Central England in Birmingham. | ||
| 650 | _aBUSINESS RATES | ||
| 650 | _aMARKET CONDITIONS | ||
| 650 | _aRENT REVIEWS | ||
| 650 | _aRENTAL VALUES | ||
| 650 | _aREVALUATION | ||
| 650 | _aTRANSITIONAL RELIEF | ||
| 690 | _aRATING AND VALUATION | ||
| 942 | _n0 | ||
| 948 | _c04/03/1997 | ||
| 999 |
_c1405 _d1405 |
||